000 00778nam a2200241Ia 4500
003 OSt
005 20220923224428.0
006 a|||||r|||| 00| 0
007 ta
008 220922b |||||||| |||| 00| 0 hin d
024 _a232,488
037 _cTextual
040 _aARTS
_cARTS
_bhin
041 _2hin
_ahin
082 _aO152,1wN3, M8
100 _aपालीवाल, कृष्ण दत्त
245 0 _aअन्तरंग साक्षात्कार
246 _aAntaranga sākṣhātkāra
260 _aनई दिल्ली
_b सचिन प्रकाशन
_c1988
300 _a131पृ.
_ccm.
942 _hO152,1wN3, M8
_cTEXL
_2CC
999 _c371374
_d371374